[Event "Malmo"]
[Site "Malmo"]
[Date "1994.??.??"]
[Round "1"]
[White "Hellers, Ferdinand"]
[Black "Sjoberg, Mats"]
[Result "1-0"]
[WhiteElo "2560"]
[BlackElo "2460"]
[Annotator "Ribli,Z"]
[PlyCount "35"]
[EventDate "1994.06.??"]
[EventType "tourn"]
[EventRounds "9"]
[EventCountry "SWE"]
[EventCategory "12"]
[SourceTitle "CBM 042"]
[Source "ChessBase"]
[SourceDate "1994.10.01"]
[SourceVersion "1"]
[SourceVersionDate "1994.10.01"]
[SourceQuality "1"]

1. e4 {Ernst} c5 2. Nf3 e6 3. d4 cxd4 4. Nxd4 a6 5. Bd3 Bc5 6. Nb3 Ba7 7. O-O
Nc6 8. Qg4 Nf6 9. Qxg7 Rg8 10. Qh6 Ne5 (10... Rg6 $5 11. Qh3 e5 $5 12. Qh4 Rg4
13. Qh6 Rg6 14. Qh4 Rg4 $10 {Horvath,J-Farago,I/Budapest Noviki/1987/CBM05/})
11. Be2 d5 (11... b5 12. Be3 $5 (12. Bg5 Rg6 13. Qh4 Bb7 14. N1d2 h6 $13 {
Ljubojevic,Lj-Lobron,E/Plovdiv/1983/}) 12... Rg6 13. Qh3 $16 {Ljubojevic}) 12.
Nc3 dxe4 (12... d4 13. Rd1 Neg4 14. Bxg4 Nxg4 15. Qxh7 Nf6 16. Qh4 Rg4 17. Qh6
Rg6 18. Qf4 $16) (12... Nxe4 13. Nxe4 dxe4 14. Qxh7 $16) 13. Bg5 Rg6 (13...
Nfg4 14. Bxd8 (14. Bxg4 Qxg5 15. Qxg5 Rxg5 $15) 14... Nxh6 15. Bc7 $1 Nf3+ 16.
Kh1 Nh4 17. g3 N4f5 18. Nxe4 $16) 14. Qh4 Bd7 (14... h6 15. Bxf6 Qxf6 16. Qxf6
Rxf6 17. Nxe4 $16) (14... Nf3+ 15. Bxf3 exf3 16. Ne4 Nxe4 17. Bxd8 Rxg2+ 18.
Kh1 $18) 15. Nxe4 Bc6 16. Bxf6 $1 (16. Nxf6+ $2 Qxf6 17. Bxf6 Rxg2+ 18. Kh1
Rxf2+ 19. Kg1 Rg2+ 20. Kh1 Rxe2+ $19) 16... Qd5 (16... Bxe4 17. Qxe4 Qxf6 18.
Qxb7 $18) 17. Bxe5 Qxe5 18. Bf3 1-0

[Event "Olympiad-33"]
[Site "Elista"]
[Date "1998.10.01"]
[Round "3.1"]
[White "Topalov, Veselin"]
[Black "Efimov, Igor"]
[Result "1-0"]
[WhiteElo "2700"]
[BlackElo "2530"]
[Annotator "Ribli,Z"]
[PlyCount "71"]
[EventDate "1998.09.29"]
[EventType "team-swiss"]
[EventRounds "13"]
[EventCountry "RUS"]
[SourceTitle "CBM 068"]
[Source "ChessBase"]
[SourceDate "1999.02.01"]
[SourceVersion "1"]
[SourceVersionDate "1999.02.01"]
[SourceQuality "1"]
[WhiteTeam "Bulgaria"]
[BlackTeam "Italy"]
[WhiteTeamCountry "BUL"]
[BlackTeamCountry "ITA"]

1. e4 c5 2. Nf3 e6 3. d4 cxd4 4. Nxd4 a6 5. Bd3 g6 {Vor etwa hundert Jahren
war der Standpunkt des ungarischen Großmeisters Maroczy anerkannt, der sagte,
daß ...e6 und ...g6 wegen der schwarzen Felderschwächen nicht zusammenpassen.
Heutzutage ist der Schachstil dynamischer und dies ist eine Hauptvariante des
Paulsen-Systems. Ribli.} 6. c4 (6. O-O Bg7 7. Be3 Nc6 8. Nxc6 bxc6 9. Nd2 d5
10. Bc5 $5 (10. c3 $6 Nf6 11. Bc5 Nd7 12. Ba3 Bf8 $11) 10... Bxb2 11. c4 $36 {
Weiß hat keine Angst vor 11...Bxa1, denn auf den schwarzen Feldern bekommt er
mehr als Kompensation.}) 6... Bg7 7. Be3 Nc6 (7... Ne7 8. Nc3 d5 9. exd5 exd5
10. O-O O-O 11. Re1 (11. Rc1 dxc4 12. Bxc4 Nbc6 13. Nxc6 Nxc6 14. Bc5 Qxd1 15.
Rfxd1 Rd8 16. Rxd8+ Nxd8 17. Nd5 b5 18. Nc7 Rb8 19. Bd5 Bb7 20. b4 Bxd5 21.
Nxd5 Ne6 22. Kf1 Rd8 23. Rd1 f5 24. Bb6 Re8 25. Rc1 Kf7 26. Rc6 Be5 27. Ba5 Ra8
28. g3 g5 29. Kg2 Ra7 30. Nb6 Rc7 {1/2-1/2 Meier,V-Svobodova,M/Pardubice 1996/
CBM 55 ext (30)}) (11. c5 Nbc6 12. Nce2 Be6 13. Qd2 Qd7 14. Rac1 Ne5 15. Rfd1
Nxd3 16. Qxd3 Rfe8 17. b4 Bg4 18. f3 Bf5 19. Qb3 h6 20. Bf2 Rad8 21. a4 $14 {
1-0 Nevostrujev,V-Tsebekov,H/Elista 1996/CBM 56 (39)}) 11... dxc4 12. Bxc4 Nd7
13. Bg5 Nf6 14. Bb3 h6 15. Bh4 Nf5 16. Nxf5 Bxf5 17. Qf3 Qb6 18. Re7 $14 {
0-1 Kostenko,I-Eljanov,V/Yalta 1996/EXT 98 (37)}) 8. Nxc6 bxc6 $6 {Dieser Zug
ist konsequent, aber die Alternative scheint mir sicherer zu sein.} (8... dxc6
9. Nc3 Qa5 10. Rc1 Nf6 11. O-O O-O 12. Qe2 e5 13. f3 Be6 14. Qf2 Nd7 15. Rb1 b5
16. b4 Qc7 17. Rfc1 Qb7 {1/2-1/2 Ostermeyer,P-Gerusel,M/Bad Neuenahr 1978/EXT
99 (41)}) 9. c5 $1 {[#]Dynamisch gespielt! Der Bauer und die Qualität zählen
hier wenig, Weiß spielt auf nachhaltigen schwarzfeldrigen Druck.} (9. Nc3 d6 (
9... Rb8 10. Qd2 Nf6 11. O-O Ng4 12. Bf4 e5 13. Bg5 f6 14. Bh4 g5 15. Be2 h5
16. Bg3 d6 {1-0 Pokojowczyk,J-Torre,E/Polanica Zdroj 1977/MCD (59)}) 10. Qd2 (
10. O-O c5 11. Qd2 Ne7 12. Bh6 O-O 13. Bxg7 Kxg7 14. f4 f6 15. Rad1 Nc6 16. e5
{1-0 Ebeling,M-Rantanen,Y/Tampere 1991/EXT 99 (22)}) 10... Qc7 11. O-O Ne7 12.
Rad1 Bb7 13. Bc2 Rd8 14. f4 c5 15. f5 Be5 {0-1 Ulfarsson,M-Iordachescu,V/
Duisburg 1992/TD (57)}) 9... Bxb2 $6 {Mit diesem Zug gewinnt Schwarz Bauern
und Qualität, aber seine Stellung wird schrecklich schlecht auf den schwarzen
Feldern.} (9... d5 $5 10. cxd6 Qxd6 (10... Bxb2 11. Nd2 Qxd6 12. Nc4 $16) 11.
Qc2 $14) (9... Rb8 $6 10. Nd2 $16 {[%cal Rd2c4,Rc4d6]}) 10. Nd2 {[%cal Rd2c4,
Rc4d6]} Bxa1 11. Qxa1 $44 {[%csl Ga1,Yd6,Re8][%cal Ra1h8] [#]} f6 $8 {Die
anderen Züge verlieren sofort.} 12. Nc4 {[%csl Ga1,Gc4,Gc5,Ge3,Re8] Weiß hat
noch keine sofortigen Drohungen, nur positionell großen Druck für das Material.
} a5 {[%cal Gc8a6,Ga6d3]} 13. Nd6+ Kf8 14. O-O Ba6 (14... Kg7 15. f4 $44) 15.
Bxa6 Rxa6 16. f4 {[%csl Ga1,Gd6][%cal Gf1f8]} h5 (16... Nh6 17. f5 {[%cal
Gf1f8,Re3h6]} Ng8 (17... Ng4 18. fxe6 Kg7 (18... dxe6 19. h3 Nxe3 20. Rxf6+ $18
) 19. e5 f5 (19... Nxe5 20. Qxe5 fxe5 21. Rf7+ Kg8 22. Bh6 $18 {[%csl Rg8]})
20. exd7 $18) 18. fxg6 hxg6 19. Bg5 Kg7 20. e5 $1 fxg5 21. Rf7+ Kh6 22. g4 $18
{[%csl Rh6][%cal Ra1f1,Rf1h3,Ra1c3,Rc3h3,Rh3h6]}) 17. Rf3 {[%csl Gf3][%cal
Gf3h3,Gf3g3,Gg3g6] Weiß aktiviert seinen Turm über die dritte Reihe. Es droht
18.Rg3.} h4 18. Rh3 {[%csl Ra6,Rf8][%cal Re3f2,Rf2h4] Der weiße Plan Bf2 /
Bxh4 scheint langsam, aber es ist schwer für Schwarz seine Stellung zu
verbessern.} a4 19. Bf2 Ra8 $6 (19... Qa5 $5 20. Qc1 $44) 20. Bxh4 {[%cal
Rh4f6]} Kg7 21. f5 {[%csl Rg7]} Qa5 $6 (21... g5 $5 22. Bxg5 Rxh3 23. gxh3 $44
{[%csl Gd6] Weiß hat dank seines starken Springers auf d6 noch immer
Kompensation, aber ohne Türme ist sein Angriff nicht so gefährlich.}) 22. Qc1
Rb8 (22... g5 $5 23. Bxg5 Rxh3 24. Bd2 {[%cal Rd2a5]} Qa6 25. gxh3 Qd3 {
[%csl Gd3]}) 23. Be1 Qa6 24. Rg3 {[%cal Rg3g7]} Qe2 {[%cal Re2a2]} (24... g5
25. e5 $16 {[%csl Rg7]}) 25. Bd2 $1 {Weiß nimmt nicht sofort auf g6 mit Schach,
sondern verbessert seine Läuferstellung.} (25. Rxg6+ Kf8) 25... Ne7 (25... a3
$5) (25... Nh6 $2 26. Rxg6+ $18 {[%csl Rh6]}) 26. h3 {Weiß schafft ein
Luftloch für den König und verteidigt sich gegen ...Qh5.} Rb5 $2 {Schwarz gibt
die Qualität zurück, aber Weiß behält Angriffschancen.} (26... Rh4 $1 $13 {
[%cal Rh4e4]}) 27. Re3 {[%csl Re2]} (27. Nxb5 Qxb5) 27... Qh5 {Die schwarze
Dame muß wegziehen, aber von h5 aus kann sie nichts für die schwarze
Verteidigung tun.} 28. Nxb5 cxb5 29. Rd3 $16 {[%cal Rd3d7]} gxf5 (29... Rd8 30.
fxe6 $18 {[%cal Rd3d8]} (30. Ba5 $18)) 30. Rxd7 {[%cal Rd7g7]} Qe8 (30... Re8
31. c6 $18 {[%csl Gc6,Gd7,Re7,Rg7][%cal Rc6c7,Rc7c8,Rd2b4,Rb4e7,Rd7g7]}) 31. c6
{[%csl Gc6][%cal Rd7g7]} Kg6 32. Bb4 Nc8 33. Qe3 $18 {[%csl Gb4,Gc6,Gd7,Ge3,
Rg6] Weiß hat die überlegene Figurenkoordination.} Rh5 $8 34. Qg3+ Rg5 (34...
Kh6 35. Qg7#) 35. Qc7 {[%csl Rc8,Rg6][%cal Rd7d8]} Qh8 (35... fxe4 36. Rd8 $18
{[%csl Rc8]} (36. Rg7+ Kh6 37. Rh7+ Kg6 38. Qg7+ Kf5 39. g4+ Ke5 40. Bc3+ Kd5
41. Qxf6 $18 {[%csl Rd5]})) 36. Rd8 {[%csl Rc8] Und Schwarz gab auf, denn er
verliert die Figur auf c8.} 1-0

[Event "Politiken zt"]
[Site "Munkebo"]
[Date "1998.09.15"]
[Round "2.4"]
[White "Stefansson, Hannes"]
[Black "Olafsson, Helgi"]
[Result "1-0"]
[WhiteElo "2535"]
[BlackElo "2505"]
[Annotator "Ribli,Z"]
[PlyCount "55"]
[EventDate "1998.09.10"]
[EventType "k.o."]
[EventRounds "5"]
[EventCountry "DEN"]
[SourceTitle "CBM 067"]
[Source "ChessBase"]
[SourceDate "1998.11.30"]
[SourceVersion "2"]
[SourceVersionDate "1998.11.01"]
[SourceQuality "1"]

{[%mdl 704]} 1. e4 {Baburin} c5 2. Nf3 e6 3. d4 cxd4 4. Nxd4 a6 {Die
sogenannte Paulsen-Variante ist in der Großmeisterpraxis sehr populär. Ribli.}
5. Bd3 (5. Nc3) 5... Qb6 6. Nb3 Qc7 {Schwarz verliert freiwillig ein Tempo,
hat aber den Springer nach b3 vertrieben, wo er weniger aktiv steht.} 7. O-O
Nf6 8. Kh1 $5 {Stets ein nützlicher Prophylaxezug.} (8. c4 d6 9. Nc3 Nbd7 10.
f4 g6 (10... b6 11. Qe2 Bb7 12. Bd2 Be7 (12... g6 13. Rae1 Bg7 14. e5 dxe5 15.
fxe5 Nh5 16. g4 Nxe5 17. gxh5 Nxd3 18. Qxd3 O-O 19. h6 Rfd8 20. Qg3 Qxg3+ 21.
hxg3 Bf8 22. Bf4 Rac8 23. Rd1 {1-0 Podkriznik,G-Sulava,N/Velden 1995 (90)}) 13.
Rae1 Rd8 14. Rf3 O-O (14... Nc5 15. Nxc5 dxc5 16. Rh3 Nd7 17. e5 g6 {1/2-1/2
Westerinen,H-Zagorskis,D/Erevan 1996 (17)}) 15. Rh3 g6 16. e5 dxe5 17. fxe5 Ne8
18. Kh1 Ng7 19. Bf4 Nc5 20. Nxc5 bxc5 21. Be4 Rd4 22. Bxb7 Qxb7 23. Be3 Rd7 24.
Bh6 Rfd8 25. Bxg7 Kxg7 26. Qe3 h5 $13 {1-0 Dobrowolski,P-Ostrowski,L/Polish
Team-ch Krynica 1997 (43)}) 11. Qe2 Bg7 12. Bd2 O-O 13. Rae1 b6 14. Kh1 Bb7 15.
Qf2 Rac8 16. Qh4 Qd8 17. Re3 Nh5 $1 18. Qe1 e5 {0-1 Gullaksen,E-Zagorskis,D/KS
open Copenhagen 1998 (25)}) 8... d6 9. f4 Be7 10. Qe1 Nbd7 (10... Nc6 11. Nc3
O-O 12. Bd2 $14) 11. c4 b6 (11... d5 12. cxd5 exd5 13. e5 $14) 12. Nc3 Bb7 {
In dieser Igelstellung kontrolliert Weiß viel mehr Raum, aber die schwarze
Stellung ist fest.} 13. Bd2 (13. Be3 $6 {Der Läufer steht auf e3 schlecht,
denn er ist weißen Aktionen in der e-Linie im Wege.}) 13... O-O 14. Qg3 $14 {
[%csl Gd3,Gf1,Gg3,Rg8]} Rfd8 {'?!' Baburin. Baburin: 'I think that this rook
belongs on e8, rather than on d8.'} (14... Rad8 $5) 15. Rae1 Bf8 16. Qh3 {
[%csl Gd3,Gh3,Rh7][%cal Gh3h7,Gd3h7]} g6 (16... Rac8 17. Nd4 (17. f5 Re8) (17.
e5 dxe5 18. fxe5 Nxe5 19. Bc2 (19. Rxe5 Rxd3) 19... Ng6) 17... Qc5 18. Nf3) 17.
f5 {Baburin: 'Attacking the e6-pawn after f4-f5 has become one of the main
ways of dealing with the Hedgehog pawn formation. Here it's particularly
effective, as at the moment the e6-pawn lacks protection.'} Re8 (17... exf5 18.
exf5 $40 {Jetzt nehmen praktisch alle weißen Figuren am Angriff teil.}) 18.
fxe6 Rxe6 $2 (18... fxe6 $8 19. Nd4 e5 20. Ne6 Qc6 (20... Qc8 {Baburin} 21. Nd5
)) 19. Nd5 $16 {[%csl Gd5]} Nxd5 (19... Qb8 20. Nd4 $16 {[%csl Gd4,Gd5,Rg8]}) (
19... Qd8 20. Bg5 $16 {[%cal Gg5d8]}) ({Taking on d5 with the bishop -} 19...
Bxd5 {Baburin} 20. cxd5 {- would leave Black with a bad hole on c6, but the
game continuation leads to problems on the other side of the board.}) 20. cxd5
Ree8 $2 {'!' Baburin.} (20... Rf6 $5 21. Rxf6 Nxf6 22. Rc1 Qe7) (20... Rf6 $142
{Baburin}) {[#]} 21. Rxf7 $1 {'+-!' Baburin. Baburin: 'White has seized the
moment when Black's pieces are uncoordinated to expose Black's king.' Ein
typisches, aber schönes Turmopfer.} Kxf7 22. Qxh7+ Bg7 (22... Kf6 23. Rf1+ Ke5
24. Rf5+ gxf5 25. Qxf5#) 23. Rf1+ Nf6 (23... Ke7 24. Bg5+ (24. Qxg7+ $18) 24...
Nf6 25. Bxf6+ $18) 24. Bg5 $1 {[%csl Rf7][%cal Rf1f6] Schwarz hat nichts
besseres, er muß die Dame geben.} ({Also good would be} 24. e5 {Baburin} Rxe5
25. Bxg6+ Ke7 26. Qxg7+ Kd8 27. Qxf6+) 24... Qe7 25. Bxf6 Qxf6 26. Rxf6+ Kxf6
27. e5+ $1 {Die letzte Feinheit. Weiß öffnet die Diagonale für seinen Läufer.}
Kxe5 (27... Rxe5 28. Qxg6+ Ke7 29. Qxg7+ $18) 28. Qxg7+ {und Schwarz strich in
hoffnungsloser Lage die Segel.} 1-0

[Event "Ciocaltea Memorial"]
[Site "Bucharest"]
[Date "2000.03.17"]
[Round "13"]
[White "Svetushkin, Dmitry"]
[Black "Ionescu, Constantin"]
[Result "0-1"]
[WhiteElo "2486"]
[BlackElo "2446"]
[Annotator "Ribli,Z"]
[PlyCount "66"]
[EventDate "2000.03.13"]
[EventType "tourn"]
[EventRounds "13"]
[EventCountry "ROU"]
[EventCategory "10"]
[SourceTitle "CBM 077"]
[Source "ChessBase"]
[SourceDate "2000.07.27"]
[SourceVersion "1"]
[SourceVersionDate "2000.07.27"]
[SourceQuality "1"]

1. e4 c5 2. Nf3 e6 3. d4 cxd4 4. Nxd4 a6 {Der rumänische Großmeister spielt
praktisch immer die Paulsen Variante.} 5. Bd3 Nf6 6. O-O d6 7. c4 {Das ist der
Vorteil der Variante 5.Bd3. Weiß  kann mit c4 ein strakes Zentrum aufbauen. 
(Nach 5.Nc3 wäre das nicht möglich.)} Bd7 {Das ist die Lieblingsvariante des
russischen Großmeisters Rublevsky - Schwarz möchte anschließend Nc6 spielen
und im Falle von Nxc6 mit dem Läufer zurücknehmen.} 8. Nc3 Nc6 9. Be3 (9. Nxc6
Bxc6 10. Qe2 Be7 11. b3 O-O 12. Bb2 Qa5 13. f4 Qh5 14. Qxh5 Nxh5 15. Rad1 Rfd8
16. Be2 Nf6 17. Bf3 Nd7 18. Ba3 Nc5 19. Kf2 b6 20. Rd2 {1/2-1/2 Almasi,
Z-Rublevsky,S/Jugoslavija 1997/Inf 70 (20)}) 9... Nxd4 (9... Ne5 10. Be2 Be7
11. f4 Ng6 12. Kh1 O-O 13. Qe1 $5 (13. Qd2 e5 $5 $11) 13... Rc8 14. Rd1 $14 Kh8
15. b3 Qa5 16. a4 e5 {1-0 Acs,P-Farago,I/Lillafured 1999/CBM 70/[Ribli] (36)})
(9... Be7 10. h3 (10. Be2 O-O 11. f3 Qb8 12. Nb3 b6 $11) 10... O-O 11. Qd2 Qb8
12. Nxc6 Bxc6 13. a4 Rd8 14. Bb6 Rc8 15. a5 Nd7 16. Bd4 Bf6 17. Bxf6 Nxf6 18.
b4 Rd8 19. Qc2 d5 20. exd5 exd5 21. b5 dxc4 22. Bxh7+ Nxh7 23. bxc6 bxc6 24.
Na4 Qb3 {1/2-1/2 Short,N-Rublevsky,S/Elista 1998/CBM 66 ext (63)}) 10. Bxd4 Be7
11. f4 (11. a4 a5 12. Qe2 O-O 13. Rad1 Bc6 14. Bc2 Nd7 15. Rd3 g6 16. Rfd1 Re8
17. Qd2 Qc7 18. Rh3 Bf8 19. Qf4 h6 20. Qg3 e5 21. Be3 Nc5 {1/2-1/2 Byrne,
R-Gheorghiu,F/New York 1987/CBM 02 (60)}) 11... Bc6 (11... e5 $5 12. fxe5 dxe5
13. Bxe5 Ng4 $44 14. Bd4 (14. Bf4 Bc5+ 15. Kh1 Nf2+ 16. Rxf2 Bxf2 17. Nd5 $13)
14... Bc5 $44 15. Bxc5 $6 Qc7 {[%cal Rc7c5,Rc7h2]} 16. e5 Qxc5+ 17. Kh1 Nf2+
18. Rxf2 Qxf2 19. Qb3) 12. Qe2 O-O 13. Rad1 $14 {Weiß hat Raumvorteil und eine
chancenreiche Angriffsstellung. Die schwarze Stellung jedoch ist elastisch und
weist keine Schwachpunkte auf.} Nd7 {Das ist ein Schlüsselzug in solchen
Stellungen - Schwarz unterbindet e4-e5 und möchte eventuell e6-e5 ziehen.} 14.
Nd5 $6 {[%mdl 512] Dieser Zug sieht schön aus, ist aber nicht gut. Die Idee
von Weiß ist, sich durch 15.Nxe7+ das Läuferpaar zu verschaffen.} (14. Kh1 $14)
(14. Bc2 $14 {[%cal Gd1d3,Gd3h3]}) 14... exd5 $1 15. exd5 (15. cxd5 $2 Bb5 $19)
15... Bf6 (15... Bxd5 16. Qh5 {[%cal Rh5d5,Rh5h7]} f5 (16... g6 17. Qxd5 $16 {
[%csl Gd3,Gd4] Weiß hat die bessere Bauernstruktur und das Läuferpaar.}) 17.
cxd5 g6 18. Qe2 Bf6 $11 {Die Schwächung des Feldes e6 ist bedeutungslos.
Schwarz kann den schwarzfeldrigen Läufer von Weiß entweder tauschen oder von
d4 vertreiben.}) 16. Bf2 $6 (16. Bxf6 Nxf6 17. dxc6 bxc6 $11) 16... Ba4 17. b3
Bxb3 18. axb3 a5 $11 {[%csl Yc5,Gf6][%cal Gd7c5,Gf6a1] Die Stellung ist
materiell ausgeglichen, und obwohl Weiß das Läuferpaar hat, steht Schwarz
nicht schlechter - auf c5 hat er einen guten Stützpunkt für seinen Springer
und er beherrscht die schwarzen Felder.} 19. Bc2 Re8 20. Qf3 (20. Qd3 g6 $11)
20... Qc7 21. h4 g6 (21... b5 $6 22. Qd3 g6 23. cxb5 Rac8 24. Bb1 Nc5 25. Qf3
$14) 22. h5 (22. Rd2 a4 23. bxa4 Qxc4 $15) 22... b5 $1 $15 {[%cal Gc7c2]
Schwarz entwickelt aktives Spiel am Damenflügel.} 23. hxg6 hxg6 24. f5 g5 {
[%csl Gf6] Natürlich muss Schwarz die f-Linie geschlossen halten. Sein Bf6
allein verteidigt den ganzen schwarzen Königsflügel, und am Damenflügel hat er
die Initiative.} 25. Qg4 $6 (25. Qg3 bxc4 26. Be3 Rxe3 $5 (26... cxb3 27. Bxg5)
27. Qxe3 Qc5 28. Qxc5 Nxc5 29. bxc4 a4 $44 {[%csl Ga4,Gc5,Gf6]}) 25... bxc4 $17
(25... Ne5 $5 26. Qg3 bxc4 $17) 26. Bh4 (26. Qxc4 Qxc4 27. bxc4 Ne5 $17 {
[%csl Rc4,Ge5]}) (26. bxc4 Ne5 $17) 26... cxb3 27. Bxg5 (27. Bxb3 Qb6+ $19 {
[%cal Rb6b3,Rb6g1]}) 27... Kf8 $1 {[%mdl 256] Der schwarze König begibt sich
aus der Gefahrenzone.} 28. Bh6+ Ke7 {Das ist interessant: in der Mitte ist der
schwarze König in Sicherheit.} 29. Rfe1+ Ne5 {[%csl Ge5]} 30. Bxb3 Qb6+ $19 {
[%cal Rb6b3,Rb6g1] Mit diesem Zug gewinnt Weiß die Figur und die Partie.} 31.
Qd4 Qxb3 32. Bg5 Bxg5 33. Rb1 Qg3 (33... Qg3 34. Rb7+ Kf6 $19) 0-1

[Event "RUS-Cup4"]
[Site "Perm"]
[Date "1997.02.10"]
[Round "3"]
[White "Dvoirys, Semen I"]
[Black "Kozlov, Oleg"]
[Result "1-0"]
[WhiteElo "2590"]
[BlackElo "2380"]
[Annotator "Ribli,Z"]
[PlyCount "61"]
[EventDate "1997.02.02"]
[EventType "swiss"]
[EventRounds "9"]
[EventCountry "RUS"]
[SourceTitle "CBM 058"]
[Source "ChessBase"]
[SourceDate "1997.06.01"]
[SourceVersion "1"]
[SourceVersionDate "1997.06.01"]
[SourceQuality "1"]

1. e4 c5 2. Nf3 e6 3. d4 cxd4 4. Nxd4 a6 5. Bd3 Nc6 6. Nxc6 dxc6 {Das ist eine
genügsame Fortsetzung, mit der Schwarz in dieser asymmetrischen Stellung nach
Ausgleich strebt. Dessen ungeachtet hat Weiß Entwicklungsvorteil und etwas
bessere Aussichten. Aber wenn er nicht aufmerksam spielt, gleicht Schwarz
leicht aus.Ribli.} (6... bxc6 7. O-O d5 8. c4 {Das war vorteilhaft fuer Weiss
in der beruehmten und gut bekannten 7.Wettkampfartie Fischer - Petrosian,
Buenos Aires 1971.Ribli.}) 7. Nd2 (7. Be3 Nf6 8. Nd2 Bd6 9. Nc4 Bc7 10. a4 {
Das ist ein typisches Mittel für Weiss gegen die Schwäche b6 zu spielen.Ribli.}
b5 11. Nd2 Bb7 12. Nb3 Nd7 {Schwarz muss das c5-Feld halten.Ribli.} 13. Qh5 Bb6
14. Qh3 Rc8 15. O-O c5 16. c4 Ne5 17. Be2 bxc4 (17... bxa4 18. Rxa4 Bxe4 19.
Rxa6 Bb7 20. Raa1 O-O 21. Qh5 f5 22. Rad1 Qc7 23. Bf4 Qc6 $13 {Das war in
einer Partie Almasi,Z.-Horvath,Jo.Ung.Rapidmeisterschaft 1992.Ribli.}) 18. Nd2
$13) 7... e5 8. Nc4 (8. Qh5 {Dieser Damezug ist typisch in der Variante.Ribli.}
Bd6 9. Nc4 Bc7 $6 (9... Nf6 $5 10. Nxd6+ Qxd6 11. Qe2 Be6 12. O-O Nd7 13. b3
O-O $13 {Luther,T-Miezis,N/Schoeneck/1996/}) 10. Bg5 Nf6 11. Qe2 h6 12. Bh4 Qe7
13. O-O-O $14) 8... Be6 $146 (8... Ne7 9. Be3 $5 (9. O-O Ng6 10. Qh5 Qc7 (10...
Bc5 $5 11. Nxe5 Qa5 {Eine interessantes horizontales Motiv.Ribli.} 12. Nf3 $4 (
12. Bd2 Bxf2+ 13. Rxf2 Qxe5 $132 {Szmetan-Miles,A/Buenos Aires/1979/}) 12...
Bxf2+ $19) 11. Be3) (9. Nxe5 $4 Qa5+ $19) 9... Be6 (9... Ng6 10. Nb6 Rb8 11.
Nxc8 Rxc8 12. g3 $14 {Gipslis-Moiseev/Riga/1970/}) 10. Qh5 Ng6 11. O-O-O Qc7
12. Bb6 Qb8 13. g3 {Und Weiss hat etwas bessere Chancen, weil er mehr Raum
kontrolliert und eine bessere Figerenkoordination hat.Ribli.}) 9. O-O Qc7 10.
Qh5 Bxc4 (10... Bd6 11. Be3 $14) 11. Bxc4 $14 {Weiss hat einen kleinen, aber
dauerhaften Vorteil dank seines Läuferpaars, besonders wegen des starken
weißfeldrigen Läufers.Ribli.} Nf6 12. Qf5 b5 13. Bd3 Bd6 {[#]} 14. Bh6 {
Wenn ich dieses Motiv sehe, erinnere ich mich gerne an die letzte Runde der
Schacholympiade 1978, als ich ein solches Motiv gegen Ljubojevic spielte:  1.
Nf3 d5 2.g3 c5 3.Bg2 Nc6 4.d4 e6 5.0-0 Nf6 6.c4 dxc4 7.Qa4 Bd7 8.Qxc4 cxd4 9.
Nxd4 Rc8 10.Nc3 Nd4 11.Qxd4 Bc5 12.Qh4 Bc6 13.Rd1 Qb6 14.Bxc6 Bxc6 und jetzt
15.Bh6!.Ribli.} Bf8 (14... gxh6 15. Qxf6) 15. a4 $1 {[%cal Ya4b5,Ya1a8]} Rb8
16. axb5 axb5 17. Be3 $16 {[%cal Ya1a7] Weiss hat grossen Entwicklungsvorteil
und die einzige offene Linie.Ribli.} c5 18. Ra5 {[%csl Rb5]} c4 $8 19. Ra7 Qd6
(19... Rb7 $2 20. Ra8+ Rb8 21. Bb6 $1 Qxb6 22. Qxe5+ $18 {[%csl Rb8]}) 20. Be2
g6 21. Qf3 Bg7 22. Rd1 Qc6 (22... Qe6 23. Bc5 {[%csl Rd6,Re7][%cal Rc5f8]}) 23.
Rda1 O-O (23... Qxe4 24. Qxe4 Nxe4 25. Bf3 Nd6 (25... Nf6 26. Bc6+ Kf8 27. Bc5+
Kg8 28. Ra8 $18) 26. Bc6+ Kf8 27. Bc5 $18) 24. R1a6 Qxe4 25. Rxf6 Qxf3 (25...
Qxc2 26. Rfxf7 $18) 26. Rxf3 $16 {Weiss hat eine Figur mehr und Gewinnstellung.
Ribli.} e4 {Schwarz versucht gegen den wirklich schlecht postierten Turm etwas
Gegenspiel zu organisieren.Ribli.} 27. Rf4 f5 28. g4 $1 Bxb2 (28... Be5 29.
gxf5 gxf5 (29... Bxf4 30. Bxf4 gxf5 31. Bxb8 $18) 30. Rh4 $18 {[%csl Rh7]}) 29.
gxf5 gxf5 30. Rh4 Bg7 31. Rh5 {[%csl Rf5,Rg5] Und Schwarz gab auf, da 32.Rg5
droht und die schwarze Bauern - es gibt zwei für die Figur - nicht wirksam
sind.Ribli.} 1-0